Drapeaux d'Amérique - Statistiques

Statistiques générales
  • Ce quiz a été pris 57 fois
  • Le résultat moyen est 31 sur 35
Statistiques - réponses
Par images Réponse % Correct
Mexique
100%
Argentine
97%
Colombie
97%
Cuba
97%
Etats-Unis
97%
Jamaïque
97%
Brésil
95%
Panama
95%
Uruguay
95%
Venezuela
95%
Canada
92%
Chili
92%
Honduras
92%
Pérou
92%
Barbade
89%
Costa Rica
89%
Equateur
89%
Haïti
89%
Sainte-Lucie
89%
Suriname
89%
Bahamas
86%
République dominicaine
86%
Salvador
86%
Guatemala
84%
Paraguay
84%
Grenade
81%
Nicaragua
81%
Trinité-et-Tobago
81%
Dominique
78%
Guyana
78%
Saint-Vincent-et-les-Grenadines
78%
Bolivie
76%
Antigua-et-Barbuda
73%
Belize
73%
Saint-Christophe-et-Niévès
62%
Aucun quiz correspondant
Distribution des résultats
% des personnes avec chaque résultat
Percentile par nombre de réponses
Votre historique - résultats
Vous n’avez pas pris ce quiz